Notre Dame A

Zach Joseph, Ben Koberlein , Maya Kvaratskhelia, Stephen Heritage, Ben Koberlein, Ben Koberlin, Steven Heritage


Beliefs711.4386%29%0%
Fine Arts - Auditory Fine Arts518.00100%40%40%
Fine Arts - Other Arts10.000%0%0%
Fine Arts - Visual Fine Arts512.0080%40%0%
Geography120.00100%100%0%
History - American History813.75100%25%13%
History - European History618.33100%67%17%
History - World History412.50100%25%0%
Literature - American Literature514.0080%60%0%
Literature - British Literature410.00100%0%0%
Literature - European Literature313.33100%33%0%
Other Academic210.00100%0%0%
Other Arts: Auditory120.00100%100%0%
Other Arts: Visual316.67100%67%0%
Other Science: Astronomy120.00100%100%0%
Other Science: Computer Science110.00100%0%0%
Other Science: Earth Science215.00100%0%50%
Other Science: Math225.00100%100%50%
Philosophy613.33100%33%0%
Science - Biology516.00100%40%20%
Science - Chemistry714.2986%57%0%
Science - Physics417.50100%75%0%
Social Science714.29100%43%0%
1012.0090%30%0%